Geografía 1 : el mundo y américa latina /
Guardado en:
| Autor Principal: | |
|---|---|
| Otros Autores: | , , |
| Formato: | Libro |
| Publicado: |
Buenos Aires :
Puerto de Palos,
2006
|
| Series: | Estudio
|
| Materias: | |
| Etiquetas: |
Agregar Etiqueta
Sin Etiquetas, Sea el primero en etiquetar este registro!
|
| LEADER | 01341nam a22003735a 4500 | ||
|---|---|---|---|
| 001 | CEM.cems013044 | ||
| 005 | 20081103095615.0 | ||
| 008 | 130507s2006##################000#0#####d | ||
| 003 | CEMS | ||
| 020 | |a 9875472611 | ||
| 082 | 0 | 4 | |a Z918 |
| 100 | 1 | |a García, Carolina | |
| 245 | 1 | 0 | |a Geografía 1 : |b el mundo y américa latina / |c Carolina García ... [et Al.] |
| 260 | |a Buenos Aires : |b Puerto de Palos, |c 2006 | ||
| 300 | |a 256 p. | ||
| 490 | 0 | |a Estudio | |
| 500 | |a Para nivel Educación Secundaria Básica | ||
| 505 | 0 | |a Configuración territorial, social y política del mundo -- Configuración territorial, social y política de América Latina -- Organización del espacio mundial y latinoamericano | |
| 653 | |a Geografía | ||
| 653 | |a Geografía-polimodal | ||
| 653 | |a Geografía-esb | ||
| 653 | |a Geografia mundial | ||
| 653 | |a Geografía-américa latina | ||
| 653 | |a América latina-geografía | ||
| 653 | |a Recursos naturales-américa latina | ||
| 653 | |a Problemas ambientales-américa latina | ||
| 653 | |a Población-américa latina | ||
| 653 | |a Economía mundial | ||
| 653 | |a Economía latinoamericana | ||
| 653 | |a Globalización | ||
| 700 | 1 | |a Troncoso, Claudia | |
| 700 | 1 | |a Alvarez Insúa, Julián | |
| 700 | 1 | |a Alvarez Celis, Fernando | |
| 859 | |a CEMS |b BIB. CEMS - 11 de abril |h Z918 |i G165 |p 25448.08 |t Ej.1 | ||
